01687 a2200205 45000010006000000050017000060080041000230030015000640400040000790800031001192450072001500200022002222640038002443000019002825051030003010410008013311000016013397000027013558560099013824700420260407155739.0260407a1985 arg spa dAR-UNSa-BCEJYS aAR-UNSa-BCEJYSbspacAR-UNSa-BCEJYS a330xEconomía en general10aLa metodología de la economía o cómo explican los economistas a978-84-206-2424-2 1aMadrid :bAlianza Editorialc1985 a326 p.c20 cm. aParte I: Lo que usted siempre quiso saber, y nunca se atrevió a preguntar, sobre la filosofía de la ciencia: 1. De las ideas recibidas a las de Popper - 2. De Popper a la nueva heterodoxia -- Parte II: Historia de la metodología económica: 3. Los verificacionistas: una historia del siglo XX en gran parte - 4. Los falsacionistas: una historia totalmente del siglo XX - 5. La distinción entre economía positiva y economía normativa -- Parte III: Evaluación metodológica del programa de investigación neo-clásico: 6. La teoría del comportamiento del consumidor - 7. La teoría de la empresa - 8. La teoría del equilibrio general - 9. La teoría de la productividad marginal - 10. El retorno de las técnicas y todo eso - 11. La teoría Heckscher-Ohlin del comercio internacional - 12. Keynesianos monetaristas - 13. La teoría del capital humano - 14. La nueva economía de la familia -- Parte IV: ¿Qué es lo que hemos aprendido hasta aquí sobre la economía? - 15. Conclusiones. aspa1 aBlaug, Mark1 aMartínez Pujana, Ana41uhttps://www.biblioeco.unsa.edu.ar/pmb/images/libros/L127370.jpgyImagen de portadaqimage/jpeg